000 00367nam a2200133Ia 4500
008 100328s9999 xx 000 0 und d
082 _b58695
100 _aवर्तक उषा.
245 _aजखमी चेहरा.
260 _bतुषार.
630 _aजखमी चेहरा.
730 _aजखमी चेहरा.
942 _cBOOK
999 _c545003
_d545000